Pascal and beyond-- data abstraction and data structures using Turbo Pascal

Saved in:
Bibliographic Details
Main Author: Fisher, Steven 1947-
Other Authors: Reges, Stuart
Format: Book
Language:English
Published: New York : Wiley, c1992
Subjects:
Tags: Add Tag
No Tags, Be the first to tag this record!

MARC

LEADER 00000cam a2200000 i 4500
001 1/33648
008 950731s1992 eng d
020 |a 0471502618 ((acid-free paper)) 
035 |l 10023973 
040 |a GR-MY-UA  |b gre  |e aacr 
041 0 |a eng 
082 0 |a 005.13/3  |2 (20) 
100 1 |a Fisher, Steven  |d 1947- 
245 1 0 |a Pascal and beyond-- data abstraction and data structures using Turbo Pascal /  |c Steve Fisher, Stuart Reges 
260 |a New York :   |b Wiley,   |c c1992 
300 |a xxiv, 496 p.;  |b ill. (some col.);  |c 25 cm 
500 |a Includes index 
650 0 0 |a Pascal (Computer program language) 
700 1 |a Reges, Stuart. 
852 |a INST  |b CHIOS  |e 19950731  |h 005.133 FIS  |p 005200002295  |q 005200002295  |t BK  |y 0 
909 |a Χ  |b 031238